00750nai a2200181Ia 4500003000900000008004100009022002200050022002300072040001600095245008000111260008600191310001400277362002800291521006900319650005800388650002900446856009300475IN-BaIIA211028c9999 xx s 000 0 eng d a1943-068X (Print) a1943-0698 (Online) cIIA Library 0aIEEE Transactions on Computational Intelligence and AI in Gamesh[eJournal] aNew York, USAbThe Institute of Electrical and Electronics Engineers, Inc. (IEEE) aQuarterly a1(1); 2009 - 9(4); 2017 bSubscribed through National Knowledge Resource Consortium (NKRC) a Communication, Networking and Broadcast Technologies aComputing and Processing uhttps://ieeexplore.ieee.org/servlet/opac?punumber=4804728yClick Here to Access eJournal